| 000 | 00631nam a2200229Ia 4500 | ||
|---|---|---|---|
| 003 | OSt | ||
| 005 | 20220918225042.0 | ||
| 006 | a|||||r|||| 00| 0 | ||
| 007 | ta | ||
| 008 | 220917b |||||||| |||| 00| 0 eng d | ||
| 024 | _a236,367 | ||
| 037 | _cTextual | ||
| 040 |
_aARTS _cARTS _beng |
||
| 041 |
_2eng _aeng |
||
| 082 | _aO111:g, P0 | ||
| 100 | _aWolfreys Julian | ||
| 245 | 0 |
_aReadings _b Acts of close reading in literary theory |
|
| 260 |
_aEdinburgh _bEdinburgh University press _c2000 |
||
| 650 | _aENGLISH LITERATURE | ||
| 942 |
_hO111:g, P0 _cTEXL _2CC |
||
| 999 |
_c283262 _d283262 |
||